000 00897nam a2200265 a 4500
005 20180803164826.0
008 140221s1997 ck o gr|||| 000 0 spa d
040 _aCO-BoIAVH
_cCO-BoIAVH
041 0 _aspa
044 _ack
082 0 4 _a582.16
_bC82a
110 2 _aCorporación Autónoma Regional del Guavío
_bCorporación Autónoma Regional del Guavio
245 1 0 _aArboles y arbustos del paisaje alto andino
260 _aBogotá :
_bCORPOGUAVIO,
_c1997.
300 _a111 páginas :
_bFotografías ;
_c22 x 16 cm.
500 _aIncluye lista de nombres científicos y comunes.
650 1 6 _aArboles
650 1 6 _aArbustos
650 1 6 _aBosque andino
650 2 6 _aRecursos paisajísticos
650 2 6 _aEcosistemas de montaña
650 2 6 _aInventarios
700 1 _aAcero Duarte, Luis Enrique
_eEditor
942 _cLIBRO
_2ddc
_01
999 _c639
_d639